[Event "BSU Chess Club Invit."]
[Site "Boise, ID"]
[Date "1981.08.22"]
[Round "2.1"]
[White "Downs, Sean G"]
[Black "Roland, Jeffrey T"]
[Result "0-1"]
[WhiteElo "1425"]
[BlackElo "1535"]

1. e4 e5 2. Nf3 Nc6 3. Bb5 a6 4. Ba4 Nf6 5. d3 b5 6. Bb3 d6 7. O-O Bg4 8. c3
Be7 9. Re1 O-O 10. d4 Bxf3 11. Qxf3 Qd7 12. Rd1 exd4 13. cxd4 Na5 14. e5 Nxb3
15. exf6 Nxa1 16. fxe7 Qxe7 17. Qd3 Rfe8 18. Kf1 Qe4 19. Qxe4 Rxe4 20. d5 Nc2
21. a3 Rae8 22. Bd2 Nd4 23. Ba5 c5 24. Nc3 R4e5 25. f3 Nc2 26. Ne4 Ne3+ 27.
Ke2 Nxd1 28. Kxd1 Rxd5+ 29. Ke2 f5 {#R} 0-1

[Event "BSU Chess Club Invit."]
[Site "Boise, ID"]
[Date "1981.08.22"]
[Round "3.2"]
[White "Roland, Jeffrey T"]
[Black "Moore, Craig M"]
[Result "0-1"]
[WhiteElo "1535"]
[BlackElo "1667"]

1. d4 Nf6 2. c4 c5 3. d5 b5 4. cxb5 a6 5. bxa6 Bxa6 6. Nc3 d6 7. Nf3 g6 8. g3
Bg7 9. Bh3 O-O 10. O-O Nbd7 11. Re1 Qc7 12. Qc2 Rfb8 13. Rb1 Bc4 14. b3 Bxd5
15. e4 Bc6 16. Bxd7 Nxd7 17. Nd5 Bxd5 18. exd5 Nf6 19. Rd1 Qb7 20. a3 Nxd5 21.
Re1 Ra6 22. Bb2 Qxb3 23. Qxb3 Rxb3 24. Bxg7 Rxb1 25. Rxb1 Kxg7 26. Rd1 Rxa3
27. Rxd5 Rxf3 28. Kg2 Rb3 29. h4 Rb6 30. h5 e6 31. h6+ Kxh6 32. Rd1 {#R} 0-1

[Event "BSU Chess Club Invit."]
[Site "Boise, ID"]
[Date "1981.08.23"]
[Round "5.1"]
[White "Roland, Jeffrey T"]
[Black "Downs, Sean G"]
[Result "1-0"]
[WhiteElo "1535"]
[BlackElo "1425"]

1. d4 d5 2. c4 e6 3. Nf3 Nf6 4. Bg5 b6 5. e3 Be7 6. Nc3 O-O 7. Bd3 Bb7 8. cxd5
exd5 9. O-O Ne4 10. Bxe7 Qxe7 11. Bxe4 dxe4 12. Nd2 f5 13. Rc1 Nd7 14. Qb3+
Kh8 15. Nd5 Bxd5 16. Qxd5 Qd6 17. Qc6 Qxc6 18. Rxc6 Rac8 19. Rfc1 a5 20. Rxc7
Rxc7 21. Rxc7 Rd8 22. f3 exf3 23. Nxf3 Nf6 24. Ne5 Kg8 25. Kf2 Rd6 26. Rc8+
{#r} 1-0

[Event "BSU Chess Club Invit."]
[Site "Boise, ID"]
[Date "1981.08.29"]
[Round "6.2"]
[White "Moore, Craig M"]
[Black "Roland, Jeffrey T"]
[Result "1-0"]
[WhiteElo "1667"]
[BlackElo "1535"]

1. d4 d5 2. c4 c6 3. Nc3 Nf6 4. Nf3 dxc4 5. e4 e6 6. Bxc4 Bb4 7. Qc2 Nbd7 8.
O-O O-O 9. Bg5 h6 10. Bh4 Qc7 11. e5 Nd5 12. Ne4 N7b6 13. Bd3 f5 14. exf6 g5
15. Bg3 Qd8 16. a3 Be7 17. fxe7 Nxe7 18. Nd6 Rxf3 19. gxf3 e5 20. Bh7+ Kf8 21.
Nxc8 Qxc8 22. Bxe5 Qh3 23. Qe4 Nbd5 24. Qg4 Nf4 25. Qxh3 Nxh3+ 26. Kg2 g4 27.
fxg4 Ng5 28. Bd3 c5 29. dxc5 Nc6 30. Bd6+ Kg7 31. f4 Nf7 32. b4 Nxd6 33. cxd6
Rd8 34. Be4 Rxd6 35. Bxc6 Rxc6 36. Rac1 Rxc1 37. Rxc1 {(Time Forfeit)} {#r}
1-0

[Event "Boise Open"]
[Site "Boise, ID"]
[Date "1981.10.10"]
[Round "2.6"]
[White "Smolensky, Randall K"]
[Black "Roland, Jeffrey T"]
[Result "0-1"]
[WhiteElo "1739"]
[BlackElo "1535"]

1. e4 c6 2. Nc3 d5 3. Nf3 Bg4 4. h3 Bxf3 5. Qxf3 e6 6. exd5 exd5 7. d4 Nd7 8.
Bd3 Ngf6 9. O-O Be7 10. Qg3 Nh5 11. Qf3 Nhf6 12. Re1 O-O 13. Bf4 Re8 14. Nd1
Bb4 15. Rxe8+ Qxe8 16. Ne3 Nf8 17. c3 Be7 18. Nf5 Ne6 19. Re1 Qd7 20. Qg3 Nh5
21. Qg4 Nhxf4 22. g3 Ng6 23. h4 Bf6 24. h5 Ne7 25. h6 g6 26. f4 Nxf5 27. Bxf5
Re8 28. Re2 Kf8 29. Bd3 Qc7 30. f5 Ng5 31. Rxe8+ Kxe8 32. fxg6 fxg6 33. b3 Qe7
34. Qc8+ Kf7 35. Kf2 Ne4+ 36. Bxe4 dxe4 37. Qg4 e3+ 38. Ke2 Bg5 39. d5 cxd5
40. Qf3+ Ke8 41. Qxd5 Bxh6 42. Qb5+ Kf8 43. Qc4 Qf7 44. Qc5+ Kg8 45. Qxa7 Qf2+
46. Kd3 Qd2+ 47. Ke4 e2 48. Qb8+ Bf8 49. Kf3 e1=Q {#R} 0-1

[Event "Boise Open"]
[Site "Boise, ID"]
[Date "1981.10.11"]
[Round "3.2"]
[White "Roland, Jeffrey T"]
[Black "Colin, Leslie R"]
[Result "0-1"]
[WhiteElo "1535"]
[BlackElo "1933"]

1. d4 Nf6 2. c4 e6 3. Nf3 d5 4. Bg5 Be7 5. e3 Ne4 6. Bxe7 Qxe7 7. Bd3 Qb4+ 8.
Nc3 Nxc3 9. Qd2 Nxa2 10. Rxa2 Qxd2+ 11. Nxd2 Nc6 12. Ke2 b6 13. cxd5 exd5 14.
Bb5 Bd7 15. Rc1 Nxd4+ 16. exd4 Bxb5+ 17. Kd1 c6 18. Rca1 a6 19. Nb1 Bc4 20.
Ra3 O-O 21. Nc3 b5 22. Kd2 b4 23. b3 bxc3+ 24. Kxc3 Bb5 {#R} 0-1

[Event "Boise Open"]
[Site "Boise, ID"]
[Date "1981.10.11"]
[Round "4.7"]
[White "Robinson, T.W."]
[Black "Roland, Jeffrey T"]
[Result "1-0"]
[WhiteElo "1805"]
[BlackElo "1535"]

1. e4 e5 2. Nf3 Nc6 3. Bb5 a6 4. Bxc6 dxc6 5. O-O Bg4 6. h3 h5 7. d3 Bxf3 8.
Qxf3 Qf6 9. Nd2 O-O-O 10. Qe3 b6 11. Nb3 Be7 12. Bd2 g5 13. Bc3 Bd6 14. Rad1
Nh6 15. Nd2 g4 16. Nc4 Kb7 17. f4 Bc5 18. Na5+ Kc8 19. Qxc5 bxc5 20. fxe5 Qg5
21. Bd2 Qg8 22. Nxc6 Re8 23. h4 Kb7 24. Na5+ Kc8 25. Rf6 Re6 26. Rdf1 Rxf6 27.
Rxf6 Qf8 28. Rxa6 Kd7 29. Rf6 Ng8 30. e6+ Kc8 31. Rxf7 Qd6 32. Bf4 Qxe6 33.
Rxc7+ Kd8 34. Nb7+ Ke8 35. Nd6+ Kf8 36. Rc8+ Kg7 37. Nf5+ Kf7 38. Rc7+ Ne7 39.
Rxe7+ Qxe7 40. Nxe7 Kxe7 41. g3 Ke6 42. Kf2 Ra8 43. a3 Ra4 44. c3 Ra7 45. d4
c4 46. d5+ Kd7 47. Ke3 Rb7 48. Kd4 Rxb2 49. Kxc4 Re2 50. e5 Re4+ 51. Kd3 Ra4
52. e6+ Ke7 53. Bc1 Kd6 54. c4 Ra8 55. Bf4+ Ke7 56. Kd4 Ra4 57. Bd2 Ke8 58. d6
Rxa3 59. d7+ Ke7 60. Bg5+ Kxe6 61. d8=Q {#r} 1-0

[Event "Tri-State M (ID, WY, MT)"]
[Site "Jackson, WY"]
[Date "2004.10.23"]
[Round "1.3"]
[White "Evans, Shira Lynn"]
[Black "Roland, Jeffrey T"]
[Result "0-1"]
[WhiteElo "1759"]
[BlackElo "1700"]

1. d4 d5 2. Nf3 Nf6 3. e3 e6 4. Bd3 Nbd7 5. c3 Bd6 6. Nbd2 e5 7. dxe5 Nxe5 8.
Nxe5 Bxe5 9. Qc2 c5 10. Nf3 Bd6 11. b3 O-O 12. Bb2 h6 13. h3 Be6 14. g4 c4 15.
bxc4 dxc4 16. Be2 Qa5 17. Rg1 g6 18. e4 Bf4 19. Bc1 Qc7 20. g5 Nh5 21. gxh6
Bxh3 22. Nd4 Kh7 23. Ne6 Bxe6 24. Bxh5 gxh5 25. e5+ Kh8 26. Bxf4 Rad8 27. Rg7
Rd3 28. Qe2 Qc6 29. Rg1 Bg4 30. Rxg4 hxg4 31. Qxg4 Qe4+ 32. Kf1 Rg8 33. Qh5
Qxf4 {#R} 0-1

[Event "Tri-State M (ID, WY, MT)"]
[Site "Jackson, WY"]
[Date "2004.10.23"]
[Round "2.3"]
[White "Roland, Jeffrey T"]
[Black "Evans, Shira Lynn"]
[Result "1/2-1/2"]
[WhiteElo "1700"]
[BlackElo "1759"]

1. e4 d6 2. d4 Nf6 3. Nc3 c6 4. Nf3 Bg4 5. Be2 e6 6. O-O Be7 7. h3 Bh5 8. Be3
O-O 9. Nd2 Bxe2 10. Qxe2 d5 11. e5 Nfd7 12. f4 c5 13. Nf3 Nc6 14. Qf2 cxd4 15.
Nxd4 Nxd4 16. Bxd4 Qc7 17. Rae1 Bc5 18. Bxc5 Qxc5 19. Qxc5 Nxc5 20. Nb5 Ne4
21. Nd4 Rac8 22. c3 a6 23. g4 Rce8 24. Rd1 g6 25. Kg2 h6 26. h4 Kg7 27. Nf3 b5
28. g5 h5 29. Nd4 Rc8 30. Rfe1 Rc4 31. Re2 Rfc8 32. Nc2 a5 33. Na3 R4c5 34.
Rd4 Rb8 35. Nc2 Rc4 36. Ne3 Rc7 37. Nc2 Kf8 38. Kf3 Ke8 39. a3 Rc4 40. Ne3
Rxd4 41. cxd4 Rc8 42. Rc2 Rxc2 43. Nxc2 Kd7 44. b4 a4 45. Kg2 Nd2 46. Kf2 Nc4
47. Ke2 Nb6 48. Kf3 Nc8 49. Kg3 Ne7 50. Ne3 Kc7 51. Kf3 Kb6 52. Kg3 Kc6 53.
Kf3 Nc8 54. Nc2 Nb6 55. Kg3 Nc4 56. Kf3 Nd2+ 57. Ke2 Ne4 58. Kf3 Kb6 59. Kg2
Nc3 {#d} 1/2-1/2

[Event "Tri-State M (ID, WY, MT)"]
[Site "Jackson, WY"]
[Date "2004.10.24"]
[Round "3.3"]
[White "Evans, Shira Lynn"]
[Black "Roland, Jeffrey T"]
[Result "1/2-1/2"]
[WhiteElo "1759"]
[BlackElo "1700"]

1. d4 d5 2. Nf3 Nf6 3. Bf4 c6 4. c3 Bf5 5. e3 e6 6. Bd3 Bg6 7. Bxg6 hxg6 8. h3
Nbd7 9. Nbd2 Be7 10. Qe2 O-O 11. O-O Ne4 12. Ne5 Nxd2 13. Qxd2 Nxe5 14. Bxe5
Bd6 15. Bxd6 Qxd6 16. Rac1 b5 17. b3 Rfb8 18. Qc2 a5 19. c4 dxc4 20. bxc4 b4
21. c5 Qd5 22. Rb1 a4 23. Rb2 b3 24. axb3 axb3 25. Qc3 Ra2 26. Rfb1 Rxb2 27.
Rxb2 f5 28. f3 Kf7 29. Kf2 Rb5 30. Ke2 e5 31. dxe5 Ke6 32. Kf2 Rxc5 33. Qxb3
Qxb3 34. Rxb3 Rc2+ 35. Kg3 Kxe5 36. Rb7 Kf6 37. h4 c5 38. Rc7 c4 39. Kf4 Rxg2
40. Rxc4 Kf7 41. Ke5 Re2 42. Rc7+ Kg8 43. Kf4 Rg2 44. Rc1 Kf7 45. Rh1 Kf6 46.
Ra1 Kf7 47. e4 fxe4 48. fxe4 Rh2 49. Kg3 Re2 50. Ra4 Ke6 51. Kf3 Rh2 52. Ra6+
Ke5 53. Ra5+ Ke6 54. Kg3 Rh1 55. Rg5 Kf6 56. Rg4 Re1 57. Kf2 Rh1 58. Kg2 {#d}
1/2-1/2

[Event "Tri-State M (ID, WY, MT)"]
[Site "Jackson, WY"]
[Date "2004.10.24"]
[Round "4.3"]
[White "Roland, Jeffrey T"]
[Black "Evans, Shira Lynn"]
[Result "1/2-1/2"]
[WhiteElo "1700"]
[BlackElo "1759"]

1. d4 d6 2. Nf3 Bg4 3. e4 Nf6 4. Nc3 c6 5. Be2 e6 6. h3 Bh5 7. O-O d5 8. exd5
cxd5 9. Ne5 Bxe2 10. Qxe2 Be7 11. Qb5+ Nbd7 12. Qxb7 Nxe5 13. dxe5 Nd7 14. f4
Rb8 15. Qa6 Qc7 16. Qe2 O-O 17. Kh1 Rfc8 18. Rb1 d4 19. Nb5 Qxc2 20. Qxc2 Rxc2
21. Nxd4 Rc4 22. Nb3 Nb6 23. Bd2 Nd5 24. Rfc1 Rbc8 25. Na5 Rxc1+ 26. Rxc1
Rxc1+ 27. Bxc1 Nb4 28. Be3 a6 29. a3 Nd3 30. b4 Bd8 31. Nb7 Bc7 32. g3 Nb2 33.
Bc1 Nc4 34. Kg2 Nb6 35. Nc5 a5 36. Kf3 axb4 37. axb4 Nd5 38. Bd2 Kf8 39. Ke4
Ke7 40. f5 Nb6 41. fxe6 fxe6 42. Na6 Bxe5 43. Be3 Nc4 {#d} 1/2-1/2

[Event "Idaho Open"]
[Site "Twin Falls, ID"]
[Date "2006.08.26"]
[Round "2.1"]
[White "Campbell, Matthew"]
[Black "Roland, Jeffrey T"]
[Result "1-0"]
[WhiteElo "2030"]
[BlackElo "1700"]

1. e4 e5 2. Nf3 Nc6 3. Bb5 a6 4. Bxc6 dxc6 5. d4 exd4 6. Qxd4 Qxd4 7. Nxd4 c5
8. Ne2 Bd6 9. Be3 f6 10. Nd2 Bd7 11. O-O-O O-O-O 12. f4 Ne7 13. f5 Rhe8 14. g4
h5 15. h3 hxg4 16. hxg4 Rh8 17. Nf4 Bxf4 18. Bxf4 Bc6 19. Rde1 g6 20. Rxh8
Rxh8 21. g5 fxg5 22. Bxg5 Kd7 23. Bxe7 Kxe7 24. fxg6 Kf6 25. Rg1 Kg7 26. Kd1
Rh6 27. Ke2 Rxg6 28. Rxg6+ Kxg6 29. Ke3 Kf6 30. Kf4 b5 31. e5+ Ke6 32. Ne4
Bxe4 33. Kxe4 b4 34. c4 bxc3 35. bxc3 c4 36. Kf4 a5 37. a4 Ke7 38. Kf5 Kf7 39.
e6+ Ke7 40. Ke5 c6 41. Kf5 Ke8 42. Kf6 Kf8 43. e7+ Ke8 44. Ke6 c5 45. Kd6 {#r}
1-0

[Event "Idaho Open"]
[Site "Twin Falls, ID"]
[Date "2006.08.26"]
[Round "3.6"]
[White "Roland, Jeffrey T"]
[Black "Vander Sys, Sean R"]
[Result "1/2-1/2"]
[WhiteElo "1700"]
[BlackElo "1548"]

1. d4 Nf6 2. Nf3 g6 3. c4 c5 4. Nc3 cxd4 5. Nxd4 Bg7 6. e4 d6 7. Be2 Nc6 8.
Be3 O-O 9. f3 Bd7 10. Qd2 Rc8 11. Nxc6 Bxc6 12. O-O a6 13. Kh1 Kh8 14. Nd5
Nxd5 15. cxd5 Ba4 16. Rac1 Qd7 17. b3 Bb5 18. Bxb5 Qxb5 19. Rfd1 Rfe8 20. g3
Qd7 21. Kg2 f5 22. Bd4 e5 23. dxe6 Qxe6 24. Qb2 Bxd4 25. Qxd4+ Qe5 26. Rxc8
Rxc8 27. Qxe5+ dxe5 28. Rd2 Rc7 29. h4 Kg7 30. exf5 {#d} 1/2-1/2

[Event "Idaho Open"]
[Site "Twin Falls, ID"]
[Date "2006.08.27"]
[Round "4.6"]
[White "Bartell, Fred"]
[Black "Roland, Jeffrey T"]
[Result "1/2-1/2"]
[WhiteElo "1814"]
[BlackElo "1700"]

1. c4 c5 2. Nf3 Nf6 3. Nc3 Nc6 4. d4 cxd4 5. Nxd4 g6 6. Nxc6 bxc6 7. e4 d6 8.
Be2 Bg7 9. O-O O-O 10. Qc2 Qc7 11. Bf4 e5 12. Bg3 Be6 13. b4 Rab8 14. Rab1
Rfc8 15. Rfd1 d5 16. c5 Rd8 17. exd5 cxd5 18. Nb5 Rxb5 19. Bxb5 d4 20. Bc4 Bf5
21. Bd3 Be6 22. Bc4 Bf5 23. Bd3 Be6 24. Re1 Nd5 25. a3 Nc3 26. Rbc1 f6 27. f4
Bd5 28. fxe5 fxe5 29. Bxg6 hxg6 30. Qxg6 Qf7 31. Qxf7+ Kxf7 32. Bxe5 Bxe5 33.
Rxe5 Kf6 34. Ree1 Ne4 35. c6 Nc3 36. b5 Nxb5 37. Rc5 Nc7 38. a4 Bb3 39. Ra5 a6
40. Rh5 Bxa4 41. Rh7 Nd5 42. Rh6+ Kg7 43. Ree6 Nf4 44. Rd6 Bxc6 45. Rxd8 Kxh6
46. g3 Nh3+ 47. Kf1 Bb5+ 48. Ke1 Ng1 49. Kf2 Nh3+ 50. Ke1 {#d} 1/2-1/2

[Event "Idaho Open"]
[Site "Twin Falls, ID"]
[Date "2006.08.27"]
[Round "5.5"]
[White "Roland, Jeffrey T"]
[Black "Shouse, Donald L"]
[Result "1-0"]
[WhiteElo "1700"]
[BlackElo "1216"]

1. e4 e5 2. Nf3 Nc6 3. Bb5 Bc5 4. c3 Nge7 5. O-O O-O 6. d4 exd4 7. cxd4 Bb6 8.
d5 Na5 9. b4 c6 10. bxa5 Bxa5 11. Bc4 d6 12. Bg5 c5 13. e5 Bc7 14. Bxe7 Qxe7
15. Nc3 dxe5 16. Re1 Kh8 17. Nb5 Bb8 18. d6 Bxd6 19. Qxd6 Qxd6 20. Nxd6 Be6
21. Bxe6 fxe6 22. Nxe5 b6 23. Nd7 Rf4 24. Rxe6 h6 25. Rae1 Kh7 26. Re8 Rxe8
27. Rxe8 Rd4 28. Nf8+ Kg8 29. Ne6+ Kh7 30. Nxd4 cxd4 31. Nc8 d3 32. Rd8 a5 33.
Nxb6 d2 {#r} 1-0

[Event "SIO"]
[Site "Jackpot, NV"]
[Date "2006.11.04"]
[Round "1.2"]
[White "Roland, Jeffrey T"]
[Black "Watson, John"]
[Result "1-0"]
[WhiteElo "1700"]
[BlackElo "1479"]

1. d4 d5 2. Nf3 Nf6 3. c4 e6 4. Nc3 Be7 5. Bg5 h6 6. Bh4 O-O 7. e3 Ne4 8. Bxe7
Qxe7 9. cxd5 Nxc3 10. bxc3 exd5 11. Be2 Bf5 12. O-O Nd7 13. a4 Rfc8 14. Qb3
Be4 15. Nd2 b6 16. Nxe4 dxe4 17. Bg4 c5 18. Qb5 Rc7 19. Bxd7 Rxd7 20. a5 bxa5
21. Rxa5 Rb7 22. Qc6 Rab8 23. Qxc5 Qd7 24. h3 Rc8 25. Qa3 Rbc7 26. Rc1 g6 27.
Ra4 Kg7 28. c4 f5 29. c5 f4 30. exf4 Qd5 31. Qe3 Rf7 32. Rca1 Rcc7 33. g4 Kh7
34. Ra6 h5 35. Rd6 Qb7 36. f5 Rg7 37. Qg5 Rc6 38. fxg6+ Rxg6 39. Qxg6+ {#r}
1-0

[Event "SIO"]
[Site "Jackpot, NV"]
[Date "2006.11.04"]
[Round "2.2"]
[White "Shouse, Donald L"]
[Black "Roland, Jeffrey T"]
[Result "0-1"]
[WhiteElo "1211"]
[BlackElo "1700"]

1. e4 e6 2. d4 d5 3. Nc3 dxe4 4. Nxe4 Nd7 5. Nf3 Ngf6 6. Bg5 Be7 7. Nxf6+ Nxf6
8. Ne5 O-O 9. Qd3 c5 10. Rd1 Qa5+ 11. c3 cxd4 12. Nf3 dxc3 13. Qxc3 Bb4 14.
Bd2 Bxc3 15. Bxc3 Qxa2 16. Bd3 Nd5 17. Be5 f6 18. Bd6 Rd8 19. Ba3 Nf4 20.
Bxh7+ Kxh7 21. Rxd8 Qb1+ 22. Rd1 Qe4+ 23. Kd2 Qd3+ {#R} 0-1

[Event "SIO"]
[Site "Jackpot, NV"]
[Date "2006.11.04"]
[Round "3.1"]
[White "Roland, Jeffrey T"]
[Black "Kennedy, Shane A"]
[Result "0-1"]
[WhiteElo "1700"]
[BlackElo "1623"]

1. e4 e5 2. Nf3 Nc6 3. Bb5 a6 4. Ba4 Nf6 5. O-O Be7 6. c3 Nxe4 7. Bxc6 dxc6 8.
Nxe5 O-O 9. d4 c5 10. Qe2 Nf6 11. Be3 cxd4 12. cxd4 Nd5 13. Nc3 Nxe3 14. fxe3
Be6 15. Rfd1 c6 16. b3 Qc7 17. Nf3 Bg4 18. h3 Bh5 19. g4 Bg6 20. Ne5 Rae8 21.
Nf3 Bb4 {#R} 0-1

[Event "SIO"]
[Site "Jackpot, NV"]
[Date "2006.11.05"]
[Round "5.3"]
[White "Roland, Jeffrey T"]
[Black "Nahlen, Julie M"]
[Result "1-0"]
[WhiteElo "1700"]
[BlackElo "784"]

1. e4 e5 2. Nf3 Nc6 3. Bb5 a6 4. Ba4 b5 5. Bb3 h6 6. O-O Bd6 7. c3 Nf6 8. Re1
g5 9. d4 g4 10. Nh4 Ne7 11. f4 exf4 12. e5 Bxe5 13. dxe5 Nh5 14. Qxg4 d6 15.
Qxh5 Ng6 16. Nxg6 Qg5 17. exd6+ Be6 18. Qxg5 hxg5 19. Nxh8 Kd7 20. Nxf7 Re8
21. Nxg5 cxd6 22. Rxe6 Rxe6 23. Bxe6+ Ke7 24. Bxf4 a5 25. Na3 Kf6 26. Nxb5 a4
27. Nd4 a3 28. b4 d5 29. b5 Kg6 30. b6 Kf6 31. b7 Kg6 32. b8=Q Kf6 33. Qf8+
Kg6 34. Qf7+ Kh6 35. Qh7# 1-0

[Event "WIO (Open)"]
[Site "Boise, ID"]
[Date "2006.12.09"]
[Round "1.5"]
[White "Harmon-Vellotti, Luke"]
[Black "Roland, Jeffrey T"]
[Result "0-1"]
[WhiteElo "1229"]
[BlackElo "1706"]

1. e4 e6 2. d4 d5 3. Nc3 dxe4 4. Nxe4 Nd7 5. Nf3 Ngf6 6. Nxf6+ Nxf6 7. Bd3 Be7
8. Bf4 O-O 9. O-O c5 10. c3 cxd4 11. cxd4 Qb6 12. b3 Nd5 13. Bg3 g6 14. Re1
Bf6 15. Be5 Be7 16. Bc4 Bb4 17. Rf1 f6 18. Bg3 Bd7 19. a3 Bd6 20. Bxd5 exd5
21. b4 Rfe8 22. Qd2 Bxg3 23. fxg3 Re4 24. Rae1 Rae8 25. Rxe4 dxe4 26. Ne1 Bb5
27. Rf4 Kg7 28. Qe3 f5 29. g4 Rd8 30. Nc2 Ba4 31. Ne1 Rxd4 32. gxf5 Rxb4 33.
Qxb6 Rxb6 34. fxg6 hxg6 35. Rxe4 Bc6 36. Re3 Kf6 37. Kf2 Bd5 38. Rd3 Rb2+ 39.
Kg3 Rb3 40. Kf4 Rxd3 41. Nxd3 Bxg2 42. h4 Bh3 43. Nc5 b6 44. Ne4+ Kg7 45. Kg5
b5 46. Nc3 Bd7 47. Nd5 a5 48. Kf4 Bc6 49. Nc3 b4 50. axb4 axb4 51. Nb1 Kf6 52.
Ke3 Kf5 {#R} 0-1

[Event "ICA January Quads #1"]
[Site "Boise, ID"]
[Date "2007.01.18"]
[Round "1.2"]
[White "Roland, Jeffrey T"]
[Black "Myers, Hugh S"]
[Result "1/2-1/2"]
[WhiteElo "1706"]
[BlackElo "1679"]

1. d4 f5 2. g3 d5 3. Bg2 e6 4. Nf3 Nf6 5. c4 c6 6. cxd5 exd5 7. O-O Be7 8. Nc3
O-O 9. a3 Ne4 10. Ne5 Nd7 11. Nxd7 Bxd7 12. f3 Ng5 13. h4 Nf7 14. e4 dxe4 15.
fxe4 fxe4 16. Qb3 Qc8 17. Bxe4 Be6 18. d5 Bh3 19. dxc6 bxc6 20. Bxh7+ Kxh7 21.
Rxf7 Bc5+ 22. Kh2 Qg4 23. Bf4 Rxf7 24. Qxf7 Rf8 25. Qc7 Rf6 26. Re1 Bf2 27.
Ne4 Rxf4 28. Ng5+ Kh6 29. Qxf4 Qxf4 30. gxf4 Bxe1 31. Kxh3 Bd2 32. b3 Bxf4
{#d} 1/2-1/2

[Event "ICA January Quads #1"]
[Site "Boise, ID"]
[Date "2007.01.17"]
[Round "3.1"]
[White "Roland, Jeffrey T"]
[Black "Vellotti, Daniel J"]
[Result "1/2-1/2"]
[WhiteElo "1706"]
[BlackElo "1755"]

1. d4 e6 2. c4 Nf6 3. Nf3 b6 4. g3 Bb7 5. Bg2 d5 6. O-O c5 7. cxd5 exd5 8. Bg5
Be7 9. dxc5 bxc5 10. e3 h6 11. Bxf6 Bxf6 12. Nc3 O-O 13. Qc2 Qa5 14. Rfd1 Rd8
15. Rd2 Na6 16. a3 d4 17. exd4 cxd4 18. Ne4 Bxe4 19. Qxe4 Nc5 20. Qf5 Rab8
{#d} 1/2-1/2

[Event "Idaho Closed"]
[Site "Boise, ID"]
[Date "2007.02.17"]
[Round "1.10"]
[White "Langrell, Alexander Michael"]
[Black "Roland, Jeffrey T"]
[Result "0-1"]
[WhiteElo "766"]
[BlackElo "1727"]

1. e4 e6 2. d4 d5 3. e5 c5 4. Nf3 Nc6 5. Bg5 Qb6 6. b3 Bd7 7. dxc5 Bxc5 8. Bh4
Nxe5 9. Nxe5 Qb4+ 10. c3 Qxh4 11. Nd3 Bb5 12. Nxc5 Bxf1 13. Rxf1 O-O-O 14. Qf3
Qe7 15. b4 Nf6 16. Qg3 b6 17. Na6 Kb7 18. b5 Rc8 19. Qxg7 Rhg8 20. Qh6 Rxg2
21. Qh3 Rcg8 22. Nd2 Qd6 23. Nf3 Qf4 24. Nb4 R2g4 25. Nc2 R8g6 26. Nd2 Qe5+
27. Qe3 Qxh2 28. O-O-O Qd6 29. f3 Rg3 30. c4 Ng4 31. Qb3 d4 32. Ne4 Qf4+ 33.
Rd2 Ne3 34. Nxe3 dxe3 35. Re2 Rxf3 36. Nd6+ Kb8 37. Rd1 Rf1 38. Qxe3 Rxd1+ 39.
Kxd1 Qxd6+ 40. Rd2 Qc7 41. Qd4 e5 42. Qe3 Rd6 43. Qg5 Rxd2+ 44. Qxd2 Qxc4 45.
Qd6+ Qc7 46. Qf8+ Kb7 47. Qe8 f5 48. Qe6 f4 49. Qd5+ Kc8 50. Qa8+ Kd7 51. Qe4
Ke6 52. Qa4 Kd5 53. Qb3+ Qc4 54. Qf3+ Kc5 55. Qc6+ Kd4 56. Ke1 Qxa2 57. Qd6+
Qd5 58. Qh6 Qxb5 59. Qh5 Qb1+ 60. Kf2 Qc2+ 61. Ke1 e4 62. Qxh7 Qc1+ 63. Kf2
Qe3+ 64. Kf1 Qd3+ 65. Kg1 Qg3+ 66. Kf1 Ke3 67. Qh4 Qxh4 68. Kg2 f3+ 69. Kg1
Qf2+ 70. Kh1 Qg2# 0-1

[Event "Idaho Closed"]
[Site "Boise, ID"]
[Date "2007.02.17"]
[Round "2.8"]
[White "Roland, Jeffrey T"]
[Black "Dominick, Matthew Thomas"]
[Result "0-1"]
[WhiteElo "1727"]
[BlackElo "1269"]

1. d4 Nf6 2. Nf3 e6 3. Bg5 h6 4. Bxf6 Qxf6 5. e4 c5 6. c3 d5 7. exd5 exd5 8.
dxc5 Qe6+ 9. Be2 Bxc5 10. O-O O-O 11. Re1 Nc6 12. Bc4 Qg6 13. Qxd5 Bh3 14. g3
Bb6 15. Nbd2 Rad8 16. Qb5 Qf6 17. Bf1 Rxd2 18. Qxb6 axb6 19. Nxd2 Bxf1 20.
Kxf1 Ne5 21. Ne4 Qf3 22. Kg1 Rd8 23. Re3 Rd1+ 24. Rxd1 Qxd1+ 25. Kg2 Qd5 26.
f3 Nxf3 27. Rxf3 Qxe4 28. h3 Qb1 29. Rf2 Qxa2 30. Kh2 b5 31. Kg2 b4 32. cxb4
Qb3 33. Kh2 Qxb4 34. Kg2 b5 35. Kh2 Qe4 36. Kg1 h5 37. Kh2 h4 38. g4 Qe5+ 39.
Kh1 Qg3 {#R} 0-1

[Event "Idaho Closed"]
[Site "Boise, ID"]
[Date "2007.02.18"]
[Round "3.8"]
[White "Harmon-Vellotti, Luke"]
[Black "Roland, Jeffrey T"]
[Result "1/2-1/2"]
[WhiteElo "1268"]
[BlackElo "1727"]

1. e4 c5 2. Nc3 d6 3. f4 e6 4. Nf3 Nc6 5. Bc4 Nge7 6. d3 g6 7. O-O Bg7 8. Qe1
O-O 9. b3 a6 10. d4 cxd4 11. Nd1 d3 12. c3 b5 13. Bxd3 f5 14. Bb2 Qb6+ 15. Kh1
Bd7 16. Nf2 e5 17. fxe5 dxe5 18. exf5 gxf5 19. Bc2 e4 20. Ng1 Ng6 21. Rd1 Rad8
22. Bc1 Be6 23. Be3 Rxd1 {#d} 1/2-1/2

[Event "Idaho Closed"]
[Site "Boise, ID"]
[Date "2007.02.18"]
[Round "4.9"]
[White "Roland, Jeffrey T"]
[Black "Mabry, William B"]
[Result "1-0"]
[WhiteElo "1727"]
[BlackElo "1320"]

1. e4 e6 2. d4 d5 3. Nd2 dxe4 4. Nxe4 Bd7 5. Nf3 Bc6 6. Bd3 Be7 7. O-O Nf6 8.
Nxf6+ Bxf6 9. c3 Nd7 10. Re1 O-O 11. Bf4 Bxf3 12. Qxf3 c6 13. Re3 Bg5 14. Qh5
h6 15. Bxg5 Qxg5 16. Qh3 Nf6 17. Qf3 Qg4 18. Rae1 Rad8 19. Be2 Qxf3 20. Bxf3
Rd7 21. h3 g5 22. g3 Re7 23. Kh2 Rfe8 24. g4 Kf8 25. Kg3 Nd5 26. Bxd5 exd5 27.
Rxe7 Rxe7 28. Rxe7 Kxe7 29. f4 f6 30. h4 Kd6 31. hxg5 hxg5 32. fxg5 fxg5 33.
Kf3 Kc7 34. Ke3 Kb6 35. b3 Kb5 36. Kd3 b6 37. a3 a6 38. c4+ Ka5 39. Kc3 dxc4
40. Kxc4 b5+ 41. Kc5 b4 42. axb4# 1-0

[Event "Idaho Closed"]
[Site "Boise, ID"]
[Date "2007.02.19"]
[Round "5.7"]
[White "Roland, Jeffrey T"]
[Black "Frasure, Drake Martin"]
[Result "1/2-1/2"]
[WhiteElo "1727"]
[BlackElo "1180"]

1. d4 d5 2. Nf3 Nf6 3. g3 h6 4. Bg2 Bf5 5. O-O Qd7 6. Ne5 Qc8 7. c4 c6 8. cxd5
cxd5 9. Nc3 e6 10. Bd2 Nbd7 11. Rc1 Qd8 12. Nb5 Rc8 13. Qa4 Rxc1 14. Rxc1 Be7
15. Nxa7 O-O 16. Rc8 Qb6 17. Rxf8+ Bxf8 18. Nxd7 Nxd7 19. Bc3 Nf6 20. Qa5 Qxa5
21. Bxa5 Ne4 22. Nb5 Nd6 23. Nxd6 Bxd6 24. Bb6 Kf8 25. Bc5 Ke7 26. Bxd6+ Kxd6
27. Bf1 e5 28. e3 exd4 29. exd4 Kc6 30. h4 Kb6 31. b4 Bc2 32. f4 Kc6 33. Be2
Kd6 34. Kf2 Ke6 35. Ke3 f6 36. Bd3 Bxd3 37. Kxd3 Kd6 38. a4 Kc6 39. g4 g5 40.
hxg5 hxg5 41. f5 b5 42. Kc3 bxa4 43. Kb2 Kb6 44. Ka2 Ka6 45. Kb2 {#d} 1/2-1/2

[Event "Idaho Open"]
[Site "Pocatello, ID"]
[Date "2007.03.31"]
[Round "1.7"]
[White "Seiniger, Sam"]
[Black "Roland, Jeffrey T"]
[Result "1/2-1/2"]
[WhiteElo "1507"]
[BlackElo "1718"]

1. e4 e6 2. d4 d5 3. Nc3 dxe4 4. Nxe4 Nd7 5. Nf3 Ngf6 6. Nxf6+ Nxf6 7. Bc4 c5
8. Be3 cxd4 9. Bxd4 Bd7 10. O-O Be7 11. Qe2 O-O 12. Qe5 Bc6 13. Qe3 Bxf3 14.
Bxf6 Bxf6 15. Qxf3 Qe7 16. c3 Rfd8 17. Rad1 {#d} 1/2-1/2